000 00749nam a2200241Ia 4500
003 OSt
005 20220918220407.0
006 a|||||r|||| 00| 0
007 ta
008 220917b |||||||| |||| 00| 0 eng d
024 _a145,894
037 _cTextual
040 _aARTS
_cARTS
_beng
041 _2eng
_aeng
082 _aY73(Q7).2, L3.1-;1
100 _aMeer Hassan Ali
245 0 _aObservations on the Mussulmauns of India
_b Descriptive of their manners, customs, habits and religious opinions made during a twelve years
260 _aDelhi
_bAdarah-adabiyat
_c1973
300 _avii 427p.
_ccm.
650 _aSOCIOLOGY
942 _hY73(Q7).2, L3.1-;1
_cTEXL
_2CC
999 _c268657
_d268657